000 00986nam a22002051cc4500
001 029611326+4
003 RU-10907106
005 20221118094035.0
008 170707m19801982gw |||| 000u ger d
020 _a3215045222
035 _a029611326
040 _cRU-10907106
_aRU-10907106
_bger
245 0 0 _a25 Jahre Staatsvertrag
_n4
_pProtokolle des wissenschaftlichen Symposions "Justiz und Zeitgeschichte" 24. und 25. Oktober 1980. "Die österreichische Justiz - die Justiz in Österreich 1933 bis 1955"
246 1 2 _a25 Jahre Staatsvertrag. Protokolle des wissenschaftlichen Symposions "Justiz und Zeitgeschichte" 24. und 25. Oktober 1980. "Die österreichische Justiz - die Justiz in Österreich 1933 bis 1955"
_n4
264 _aWien :
_bÖsterreichischer Bundesverl.,
_c1980 - 1982
300 _a174 S.
700 1 _aBundesministerium für Wissenschaft und Forschung ... [Gesamtkoordination: Hugo Portisch ...]
_eHerausgeberIn
_916935
773 0 8 _w029611326
_q4
942 _cMG
_2z
999 _c27310
_d27310